Epidemiología básica
Tallennettuna:
| Päätekijät: | , , |
|---|---|
| Aineistotyyppi: | Kirja |
| Kieli: | espanja |
| Julkaistu: |
Washington, D.C
Organización Panamericana de la Salud
2003
|
| Sarja: | Publicación Científica, 551
|
| Aiheet: | |
| Tagit: |
Lisää tagi
Ei tageja, Lisää ensimmäinen tagi!
|
MARC
| LEADER | 00000nam a2200000 a 4500 | ||
|---|---|---|---|
| 001 | UCI9094 | ||
| 003 | CL-VaPUC | ||
| 008 | 081024e20030000US |||||||||||||||||spa|d | ||
| 020 | |a 9275315515 | ||
| 082 | 0 | 4 | |a 614.4 |b BEA |2 21 |
| 100 | 0 | |a Beaglehole, Robert |e author |9 532739 | |
| 700 | 0 | |a Bonita, Ruth |e author |9 532740 | |
| 700 | 0 | |a Kjellström, Tord |e author |9 532741 | |
| 245 | 1 | 0 | |a Epidemiología básica |
| 300 | |a 184 p | ||
| 942 | |c BK | ||
| 945 | |d 20081024 00:00:00 |a rbrito | ||
| 260 | |a Washington, D.C |b Organización Panamericana de la Salud |c 2003 | ||
| 650 | 0 | |a Epidemiología |9 271159 | |
| 650 | 0 | |a Salud pública |9 258913 | |
| 650 | 0 | |a Bioestadística |9 261187 | |
| 650 | 7 | |a ENFERMEDADES TRANSMISIBLES |2 CL-VaPUC |9 271158 | |
| 650 | 7 | |a POLITICA SANITARIA |2 CL-VaPUC |9 364998 | |
| 583 | |a last modification |c 20081024 00:00:00 |k Rodrigo Vera | ||
| 490 | 0 | |a Publicación Científica, 551 | |
| 999 | |c 331745 |d 331743 | ||
| 952 | |0 0 |1 0 |4 0 |6 614_400000000000000_BEA_2003 |7 0 |8 A |9 418816 |a BIBCUR |b BIBCUR |d 2019-11-22 |i 4492722 |o 614.4 BEA 2003 |p 4492722 |r 2025-04-22 |w 2019-11-22 |y BK |k KIN | ||